|
|
|
|
| LEADER |
00757nab a2200217 i 4500 |
| 001 |
publ19865 |
| 005 |
20201103122304.0 |
| 008 |
201102s2019 hu o 0|| zxx d |
| 022 |
|
|
|a 1789-4492
|
| 024 |
7 |
|
|a 30840544
|2 mtmt
|
| 040 |
|
|
|a SZTE Publicatio Repozitórium
|b hun
|
| 041 |
|
|
|a zxx
|
| 100 |
1 |
|
|a Szlatárovics Orsolya
|
| 245 |
1 |
2 |
|a A különböző feltárásban beültetett csípőprotézis fizioterápiás protokollja
|h [elektronikus dokumentum] /
|c Szlatárovics Orsolya
|
| 260 |
|
|
|c 2019
|
| 300 |
|
|
|a 14-22
|
| 490 |
0 |
|
|a FIZIOTERÁPIA
|v 28 No. 2
|
| 700 |
0 |
2 |
|a Fehérné Kiss Anna
|e aut
|
| 700 |
0 |
2 |
|a Sisák Krisztián
|e aut
|
| 700 |
0 |
2 |
|a Sohár Gellért
|e aut
|
| 856 |
4 |
0 |
|u http://publicatio.bibl.u-szeged.hu/19865/1/Fizio_2019_02_14-22.pdf
|z Dokumentum-elérés
|